000 00943nmm a2200289 a 4500
001 ocm0001732488
003 TR-IsHL
005 20201028171214.0
008 180224s2017 tu eng
007 cr cn
020 _a9786059496896
035 _a1732488
_b(N$T)
050 0 4 _aPR4149.B4
_bE53 2017
090 0 4 _aPR4149.B4
_bE53 2017
100 1 _aNesbit, Edith
245 1 0 _aThe enchanted castle
_h[electronic resource] /
_cEdith Nesbit
260 _aİstanbul :
_be-Kitap Projesi & Cheapest Books,
_c2017
300 _a248 p.
650 4 _aDil ve Edebiyat
650 4 _aLanguage and Literature
650 0 _aİngiliz edebiyatı
650 0 _aEnglish literature
650 0 _aİngiliz romanı
650 0 _aEnglish fiction
650 7 _aLITERARY COLLECTIONS / European / English, Irish, Scottish, Welsh
_2bisacsh
856 4 0 _uhttp://search.ebscohost.com/login.aspx?direct=true&scope=site&db=e011xww&AN=1732488
999 _c16646
_d16646